Marvel Comics: 100 Tiny Avengers Quiz Stats

 Plays Quiz Updated Jan 4, 2019

Support Sporcle.
Go Orange.
Score 0/100 Timer 08:00
7 Plays Today
% Correct
Hulk
97.8%
Thor
97.1%
Iron Man
91%
Captain
America
89%
Wolverine
86.8%
Black
Widow
86.1%
Dr. Strange
85.8%
Storm
85%
Hawkeye
84.6%
Red Hulk
84%
War Machine
83.2%
Thing
83%
Black
Panther
82.1%
Spider-Man
80.2%
Scarlet
Witch
79.6%
She-Hulk
77.7%
Beast
77.4%
Human
Torch
77.2%
Falcon
76.7%
Mr. Fantastic
76.6%
Ant-Man
76.1%
Vision
75%
Invisible
Woman
73.6%
Daredevil
72.5%
Ms. Marvel
71.8%
Wasp
70.1%
Winter
Soldier
69.9%
Luke Cage
68%
Iron Fist
67.3%
Quicksilver
66%
Rogue
64.9%
Squirrel Girl
63.9%
Namor
58.2%
Cable
57.7%
% Correct
Spider
Woman
57.4%
Nova
55.8%
Photon
55.7%
Hercules
50.9%
Captain
Britain
49%
Tigra
48.4%
Moon
Knight
46.7%
Valkyrie
46.4%
Medusa
46.2%
U.S.Agent
44.2%
Wonder Man
42.6%
Havok
42.4%
Ares
42.2%
Hellcat
40.8%
Sentry
40.5%
White Tiger
39.8%
Black Knight
38.9%
Agent
Venom
38%
Mockingbird
37.5%
Sunspot
36%
Mantis
35.7%
Moondragon
33.7%
Firestar
33.5%
Hulkling
32.2%
Quasar
32.1%
Sunfire
31.1%
Shang-Chi
30.1%
Swordsman
30%
Two-Gun Kid
30%
Stingray
29.4%
3-D Man
29.1%
Hyperion
29%
Crystal
28.5%
Jocasta
28.4%
% Correct
Machine Man
27.5%
Doctor
Voodoo
26.7%
Jack of
Hearts
26.6%
Starfox
26.2%
Wiccan
26.1%
Patriot
25.3%
D-Man
25.3%
Darkhawk
24.5%
Quake
24.2%
Rage
23.5%
Thunder-
strike
23.1%
Sersi
22.4%
Captain
Universe
21.8%
Songbird
21.3%
Dr. Druid
19.1%
Nico Minoru
18.9%
Agent 13
18.6%
Justice
16.8%
Cannonball
16.6%
Blue Marvel
16.6%
Stature
16.4%
Firebird
15%
Red Wolf
14.5%
Gilgamesh
13.1%
Silverclaw
12%
Living
Lightning
11.3%
Star Brand
10.3%
Smasher
9.7%
Nightmask
9.1%
Manifold
8.9%
Synapse
7.6%
Deathcry
7.4%

From the Vault

Same but Different Name

by JayHankEdLyonJr

For those wondering Edie Falco did not sing 'Rock me Amadeus'.
Remove Ads.
Support Sporcle.
Get the best of Sporcle when you Go Orange. This ad-free experience offers more features, more stats, and more fun while also helping to support Sporcle. Thank you for becoming a member.

Show Comments

Extras

Top Quizzes Today


Score Distribution

Your Account Isn't Verified!

In order to create a playlist on Sporcle, you need to verify the email address you used during registration. Go to your Sporcle Settings to finish the process.

Report this User

Report this user for behavior that violates our Community Guidelines.

Details: